000 00277nam a22001217a 4500
008 180903b xxu||||| |||| 00| 0 eng d
041 _aeng
080 _a621
100 _a27
101 _aMEK
245 _aHandbook of Modern Electrical Wiring
_cTraister, J
942 _2udc
_cBK
999 _c47449
_d47449